00477nam a2200145Ia 4500008004100000020002200041050002100063100002000084245006200104250001100166260002700177300003200204504006500236650003000301120626s9999 xx 000 0 und d a978-84-481-6280-1 aHM254 M9418 2008 aMyers, David G. aExploraciones de la psicología social / David G. Myers. a4a ed. aEspaña : McGraw-Hill axxiii, 479 p. : il. ; 24 cm aIncluye referencias bibliográficas (p. 386-460) e índice a1. Psicología socialÌ